NHL players who have had 100 point seasons since 2000 - Statistics

General Stats
  • This quiz has been taken 1,468 times
    415 since last reset
  • The average score is 28 of 39
Answer Stats
Number Team(s) Highest Answer % Correct
8 Edmonton Oilers 153 Connor McDavid
100%
6 Pittsburgh Penguins 120 Sidney Crosby
99%
4 Washington Capitals 112 Alexander Ovechkin
98%
3 Colorado Avalanche 140 Nathan MacKinnon
97%
3 Pittsburgh Penguins 113 Evgeni Malkin
96%
5 Tampa Bay Lightning 144 Nikita Kucherov
96%
2 Chicago Blackhawks 110 Patrick Kane
94%
2 Toronto Maple Leafs 107 Auston Matthews
92%
6 Edmonton Oilers 128 Leon Draisaitl
89%
3 Boston Bruins 113 David Pastrnak
87%
1 Tampa Bay Lightning 106 Steven Stamkos
85%
3 San Jose Sharks 125 Joe Thornton
83%
1 Vancouver Canucks 104 Daniel Sedin
81%
1 Vancouver Canucks 112 Henrik Sedin
81%
2 Calgary Flames/Florida Panthers 109 Matthew Tkachuk
81%
1 New York Rangers 120 Artemi Panarin
80%
2 Colorado Avalanche 105 Mikko Rantanen
78%
1 Toronto Maple Leafs 102 Mitch Marner
77%
1 Boston Bruins 100 Brad Marchand
76%
2 Colorado Avalanche 118 Joe Sakic
75%
1 Minnesota Wild 108 Kirill Kaprizov
75%
2 Pittsburgh Penguins/New York Rangers 123 Jaromir Jagr
71%
1 San Jose Sharks 101 Erik Karlsson
69%
1 Philadelphia Flyers 102 Claude Giroux
68%
1 Vancouver Canucks 102 Elias Pettersson
67%
1 Florida Panthers 115 Jonathan Huberdeau
66%
1 Tampa Bay Lightning 102 Martin St. Louis
65%
1 Calgary Flames 115 Johnny Gaudreau
62%
1 Washington Capitals 101 Nicklas Backstrom
60%
1 Edmonton Oilers 104 Ryan Nugent-Hopkins
59%
1 Ottawa Senators 103 Daniel Alfredsson
58%
1 Dallas Stars 109 Jason Robertson
58%
1 Vancouver Canucks 103 J.T. Miller
57%
2 Ottawa Senators 105 Dany Heatley
52%
1 Carolina Hurricanes 100 Eric Staal
49%
1 Colorado Avalanche 106 Peter Forsberg
49%
1 Tampa Bay Lightning 108 Vincent Lecavalier
49%
1 Atlanta Thrashers 100 Marian Hossa
35%
1 Vancouver Canucks 104 Markus Naslund
30%
No matching quizzes found
Score Distribution
Percent of People with Each Score
Percentile by Number Answered
Your Score History
You have not taken this quiz since the last reset